000 00311nam a2200133Ia 4500
005 20251222143307.0
008 251222s9999||||xx |||||||||||||| ||spa||
020 _a84-7017-824-5
082 _a823.9/L33G
100 _aLe Carré, John
245 0 _aLa Gente de Smiley
264 _bArgos Vergara
942 _cLIB
999 _c15576
_d15576